Statistics for Belgian Pro League Champions

Click here to take the quiz!

General Stats

  • This quiz has been taken 496 times
  • The average score is 85 of 111

Answer Stats

Answer% Correct
1947 | 1949 | 1950 | +29 othersAnderlecht
98%
1980Club Brugge
97%
1920FC Bruges
97%
1973 | 1976 | 1977 | +8 othersClub Brugge
96%
2014Anderlecht
93%
1999 | 2002 | 2011Genk
93%
1958 | 1961 | 1963 | +7 othersStandard Liège
87%
1929 | 1931 | 1944 | 1957Antwerp
83%
1943 | 1946 | 1948 | 1989FC Malines
68%
1911 | 1927 | 1930Cercle Bruges
63%
1904 | 1905 | 1906 | +8 othersUnion Saint-Gilloise
63%
1932 | 1942 | 1960 | 1997Lierse
61%
1896 | 1898 | 1899 | +2 othersFC Liège
53%
1922 | 1924 | 1925 | +4 othersBeerschot
50%
1975RWDM
49%
1979 | 1984Beveren
47%
1897 | 1900 | 1901 | +3 othersRC Bruxelles
39%
1912 | 1914 | 1921 | +2 othersDaring Club Bruxelles
20%

Score Distribution

Percentile by Number Answered

Percent of People with Each Score

Your Score History

You have not taken this quiz